عرض عادي
عرض مارك
- القرآن
مدخل عنوان موحد
001 - رقم الضبط
- حقل الضبط: 139
003 - معرف رقم الضبط
- حقل الضبط: OSt
005 - تاريخ ووقت أخر عملية
- حقل الضبط: 20110607191931.0
008 - عناصر بيانات ثابتة الطول
- حقل تحكم ثابت الطول: 110607|||a|||||| | ||| d
040 ## - مصدر الفهرسة
- هيئة الفهرسة الأصلية: OSt
- وكالة الكتابة: OSt
130 ## - مدخل -- اسم مؤتمر
- العنوان الموحد: القرآن
- تفريع عام: علوم
670 ## - بيانات المصدر موجوده
- الاستشهاد بالمصدر: Work cat.: (OSt)8184: القطان، مناع خليل إسماعيل، 1345-1420 هـ. 138, مباحث في علوم القرآن /, 2000
